[Event "Chigorin Memorial 21st"]
[Site "St Petersburg"]
[Date "2013.10.11"]
[Round "7"]
[White "Belenkaya, Dina"]
[Black "Shuraev, Andrei"]
[Result "1-0"]
[WhiteElo "2203"]
[BlackElo "2351"]
[PlyCount "83"]
[EventDate "2013.10.05"]
[EventType "swiss"]
[EventRounds "9"]
[EventCountry "RUS"]
[SourceTitle "CBM 156 Extra"]
[Source "ChessBase"]
[SourceDate "2013.10.22"]
[SourceVersion "1"]
[SourceVersionDate "2013.10.22"]
[SourceQuality "1"]

1. e4 c6 2. d4 d5 3. exd5 cxd5 4. Bd3 Nc6 5. c3 Qc7 6. h3 g6 7. Nf3 Nf6 8. 0-0 Bg7 9. Re1 0-0 10. Nbd2 a6 11. Nb3 Bf5 12. Bxf5 gxf5 13. Nc5 Ne4 14. Nd3 e6 15. Bf4 Qd8 16. Nfe5 Ne7 17. Qb3 f6 18. Nf3 Qd7 19. Nh2 Ng6 20. f3 Qf7 21. Nf1 Rfe8 22. Bh2 Ng5 23. Bg3 h5 24. Nf4 Nxf4 25. Bxf4 Nh7 26. Bh2 Nf8 27. f4 Bh6 28. Qd1 Kh7 29. Ne3 Re7 30. Kh1 Rd8 31. Qf3 Nd7 32. Re2 Rg8 33. Rae1 Ree8 34. c4 dxc4 35. Nxc4 Bf8 36. Qxb7 Rg7 37. Qxa6 Bb4 38. Rc1 e5 39. fxe5 fxe5 40. Nxe5 Nxe5 41. Bxe5 Rg6 42. Qc4 1-0

[Event "Chigorin Memorial 20th"]
[Site "St Petersburg"]
[Date "2012.11.04"]
[Round "9"]
[White "Shuraev, Andrei"]
[Black "Cori, Jorge Moise"]
[Result "0-1"]
[WhiteElo "2368"]
[BlackElo "2496"]
[PlyCount "62"]
[EventDate "2012.10.27"]
[EventType "swiss"]
[EventRounds "9"]
[EventCountry "RUS"]
[SourceTitle "EXT 2013"]
[Source "ChessBase"]
[SourceDate "2012.11.22"]
[SourceVersion "1"]
[SourceVersionDate "2012.11.22"]
[SourceQuality "1"]
[BlackTeam "Peru"]
[BlackTeamCountry "PER"]

1. c4 e5 2. Nc3 Nf6 3. Nf3 Nc6 4. g3 Bb4 5. Bg2 0-0 6. 0-0 e4 7. Ng5 Bxc3 8. dxc3 Re8 9. Nh3 h6 10. Nf4 d6 11. Nd5 Bf5 12. Qb3 b6 13. h3 Kh8 14. a4 a5 15. Be3 Ne5 16. Qa2 Nfd7 17. Bd4 Qc8 18. Kh2 Nc5 19. b3 Bh7 20. Qb2 f5 21. f3 exf3 22. exf3 Ned3 23. Qa2 f4 24. gxf4 Ra7 25. Rg1 c6 26. Nf6 gxf6 27. Bxf6+ Kg8 28. h4 Kf7 29. Bh3 Qxh3+ 30. Kxh3 Kxf6 31. Rg4 Rae7 0-1

[Event "Chigorin Memorial 20th"]
[Site "St Petersburg"]
[Date "2012.10.31"]
[Round "5"]
[White "Grigorjev, Iljya"]
[Black "Shuraev, Andrei"]
[Result "1/2-1/2"]
[WhiteElo "2053"]
[BlackElo "2368"]
[PlyCount "112"]
[EventDate "2012.10.27"]
[EventType "swiss"]
[EventRounds "9"]
[EventCountry "RUS"]
[SourceTitle "EXT 2013"]
[Source "ChessBase"]
[SourceDate "2012.11.22"]
[SourceVersion "1"]
[SourceVersionDate "2012.11.22"]
[SourceQuality "1"]

1. e4 c6 2. d4 d5 3. e5 Bf5 4. Nd2 e6 5. Nb3 Nd7 6. Nf3 a6 7. Be2 c5 8. Nxc5 Bxc5 9. dxc5 Nxc5 10. Be3 Rc8 11. c3 Ne7 12. 0-0 0-0 13. Nd4 Bg6 14. f4 b5 15. g4 Be4 16. Nb3 Na4 17. Qd2 Qc7 18. Bf3 Bxf3 19. Rxf3 Nb6 20. Qf2 Nd7 21. Rh3 Rfe8 22. Bd4 f5 23. exf6 Nxf6 24. Bxf6 gxf6 25. Rf1 Nc6 26. f5 e5 27. Qg2 e4 28. g5 Ne5 29. Nd4 fxg5 30. Qxg5+ Qg7 31. Qxg7+ Kxg7 32. f6+ Kh8 33. f7 Rf8 34. Rh5 Nxf7 35. Rxd5 Rg8+ 36. Kh1 Nh6 37. Re5 Rce8 38. Rxe8 Rxe8 39. h3 Kg7 40. Kg2 Re5 41. Kf2 Nf5 42. Nxf5+ Rxf5+ 43. Ke2 Rh5 44. Rg1+ Kf6 45. Rg3 Kf5 46. Ke3 Rh6 47. b3 a5 48. c4 bxc4 49. bxc4 Rc6 50. Kd4 Rd6+ 51. Kc3 Kf4 52. c5 Rd8 53. Rg7 e3 54. Rf7+ Kg3 55. Re7 Kf2 56. c6 e2 1/2-1/2

[Event "Chigorin Memorial 20th"]
[Site "St Petersburg"]
[Date "2012.10.29"]
[Round "3"]
[White "Popov, Ivan1111"]
[Black "Shuraev, Andrei"]
[Result "1-0"]
[WhiteElo "2614"]
[BlackElo "2368"]
[PlyCount "71"]
[EventDate "2012.10.27"]
[EventType "swiss"]
[EventRounds "9"]
[EventCountry "RUS"]
[SourceTitle "EXT 2013"]
[Source "ChessBase"]
[SourceDate "2012.11.22"]
[SourceVersion "1"]
[SourceVersionDate "2012.11.22"]
[SourceQuality "1"]

1. e4 c5 2. Nf3 e6 3. d4 cxd4 4. Nxd4 Nf6 5. Nc3 Nc6 6. Ndb5 d6 7. Bf4 e5 8. Bg5 a6 9. Na3 b5 10. Bxf6 gxf6 11. Nd5 f5 12. c3 Bg7 13. exf5 Bxf5 14. Nc2 Be6 15. Be2 0-0 16. 0-0 Rb8 17. Ncb4 Nxb4 18. Nxb4 Qb6 19. Bf3 Rfc8 20. Be4 Rc4 21. Qd3 Rxb4 22. cxb4 Bc4 23. Bxh7+ Kf8 24. Qd2 Bxf1 25. Rxf1 Rc8 26. g3 Rc4 27. b3 Rc7 28. Rd1 Qd4 29. Qe1 Qb6 30. Be4 Bh6 31. Kg2 Ke7 32. Qe2 Rc1 33. Rd3 Bg7 34. Bd5 Qd8 35. Qh5 Qe8 36. Qg5+ 1-0

[Event "Chigorin Memorial 20th"]
[Site "St Petersburg"]
[Date "2012.10.28"]
[Round "2"]
[White "Shuraev, Andrei"]
[Black "Maltsev, Leonid"]
[Result "1-0"]
[WhiteElo "2368"]
[BlackElo "1947"]
[PlyCount "97"]
[EventDate "2012.10.27"]
[EventType "swiss"]
[EventRounds "9"]
[EventCountry "RUS"]
[SourceTitle "EXT 2013"]
[Source "ChessBase"]
[SourceDate "2012.11.22"]
[SourceVersion "1"]
[SourceVersionDate "2012.11.22"]
[SourceQuality "1"]

1. c4 f5 2. g3 Nf6 3. Bg2 g6 4. Nf3 Bg7 5. 0-0 0-0 6. Nc3 d6 7. d4 Qe8 8. Re1 e5 9. dxe5 dxe5 10. e4 Nc6 11. Nd5 fxe4 12. Ng5 Nxd5 13. cxd5 Nd4 14. Nxe4 Qf7 15. Be3 Bf5 16. Rc1 Kh8 17. Ng5 Qd7 18. Bxd4 exd4 19. Ne6 Bxe6 20. dxe6 Qe7 21. Bxb7 Rab8 22. Bc6 Rxb2 23. Rc2 Rfb8 24. Qe2 Rxc2 25. Qxc2 Rd8 26. Qe4 Rd6 27. Bb5 Bf6 28. h4 c5 29. Bd3 Rb6 30. Bc4 Rb4 31. Qd5 Kg7 32. a3 Rb2 33. Qe4 Rb7 34. Bd3 Kh8 35. Qd5 Rb6 36. h5 gxh5 37. Qxh5 Rb3 38. Qf5 Rxa3 39. Rb1 Rxd3 40. Qxd3 Qxe6 41. Rb8+ Kg7 42. Rb7+ Be7 43. Rxa7 Qe1+ 44. Kg2 Qe5 45. Kh2 h5 46. f4 Qe1 47. Ra2 h4 48. Rg2 h3 49. Re2 1-0

[Event "RUS-chT2"]
[Site "Sochi"]
[Date "2008.04.11"]
[Round "9"]
[White "Gubajdullin, Alexey"]
[Black "Shuraev, Andrei"]
[Result "1-0"]
[WhiteElo "2504"]
[BlackElo "2409"]
[PlyCount "38"]
[EventDate "2008.04.03"]
[EventType "team"]
[EventRounds "9"]
[EventCountry "RUS"]
[SourceTitle "CBM 123 Extra"]
[Source "ChessBase"]
[SourceDate "2008.05.06"]
[SourceVersion "1"]
[SourceVersionDate "2008.05.06"]
[SourceQuality "1"]

1. e4 c5 2. Nf3 e6 3. c4 Nc6 4. Nc3 Nf6 5. Be2 d5 6. exd5 exd5 7. d4 cxd4 8. Nxd4 Bc5 9. Nxc6 bxc6 10. cxd5 Nxd5 11. Nxd5 Qxd5 12. 0-0 Qxd1 13. Rxd1 Be6 14. Bf3 Ke7 15. Bxc6 Rad8 16. Bg5+ f6 17. Be3 Bxe3 18. fxe3 Rxd1+ 19. Rxd1 Rc8 1-0

[Event "RUS-chT2"]
[Site "Sochi"]
[Date "2008.04.03"]
[Round "1"]
[White "Shuraev, Andrei"]
[Black "Venevtsev, Andrey"]
[Result "0-1"]
[WhiteElo "2409"]
[BlackElo "2178"]
[PlyCount "84"]
[EventDate "2008.04.03"]
[EventType "team"]
[EventRounds "9"]
[EventCountry "RUS"]
[SourceTitle "CBM 123 Extra"]
[Source "ChessBase"]
[SourceDate "2008.05.06"]
[SourceVersion "1"]
[SourceVersionDate "2008.05.06"]
[SourceQuality "1"]

1. c4 e5 2. Nc3 Nf6 3. g3 d5 4. cxd5 Nxd5 5. Bg2 Nb6 6. Nf3 Nc6 7. 0-0 Be7 8. d3 0-0 9. a3 Be6 10. b4 a5 11. b5 Nd4 12. Rb1 f6 13. Nd2 Qc8 14. e3 Nf5 15. Qc2 Nd6 16. Nde4 Nf7 17. Na4 Nxa4 18. Qxa4 Bh3 19. Qc4 Be6 20. Qc2 Rd8 21. Bb2 Bh3 22. Rfc1 Bxg2 23. Kxg2 f5 24. Nd2 Bd6 25. Nc4 f4 26. exf4 exf4 27. Nxd6 f3+ 28. Kxf3 Ng5+ 29. Kg2 Qh3+ 30. Kh1 Rxd6 31. Qxc7 Rd7 32. Qc4+ Rf7 33. f4 Nf3 34. Qc2 Rd8 35. Qe2 Rxd3 36. Rc7 Re3 37. Rc8+ Qxc8 38. Qxe3 Qc2 39. Qe8+ Rf8 40. Qe6+ Kh8 41. Bxg7+ Kxg7 42. Qg4+ Kh8 0-1

[Event "Chigorin Memorial-A 14th"]
[Site "St Petersburg"]
[Date "2006.10.26"]
[Round "5"]
[White "Gabrielian, Artur"]
[Black "Shuraev, Andrei"]
[Result "0-1"]
[WhiteElo "2535"]
[BlackElo "2392"]
[PlyCount "86"]
[EventDate "2006.10.23"]
[EventType "swiss"]
[EventRounds "9"]
[EventCountry "RUS"]
[SourceTitle "EXT 2007"]
[Source "ChessBase"]
[SourceDate "2006.11.23"]
[SourceVersion "1"]
[SourceVersionDate "2006.11.23"]
[SourceQuality "1"]

1. e4 c5 2. Nf3 e6 3. d4 cxd4 4. Nxd4 Nf6 5. Nc3 Nc6 6. Ndb5 d6 7. Bf4 e5 8. Bg5 a6 9. Na3 b5 10. Bxf6 gxf6 11. Nd5 f5 12. Bd3 Be6 13. 0-0 Bxd5 14. exd5 Ne7 15. c3 Bg7 16. Nc2 0-0 17. a4 Qb6 18. a5 Qb7 19. Nb4 f4 20. g4 fxg3 21. hxg3 f5 22. Bc2 Rf6 23. Kg2 Raf8 24. Rh1 Ng6 25. Qh5 h6 26. Raf1 Ne7 27. Qe2 R8f7 28. Qd1 Qc8 29. f3 Bf8 30. Qd3 Rg7 31. Rh3 Ng6 32. Kh2 e4 33. Qd4 Ne5 34. Nc6 Qe8 35. Bd1 e3 36. f4 e2 37. Bxe2 Nxc6 38. Qxf6 Qxe2+ 39. Kg1 Ne7 40. Qxd6 Qe3+ 41. Kg2 Qe4+ 42. Kh2 Nxd5 43. Qc6 Ne3 0-1

[Event "Chigorin Memorial-A 14th"]
[Site "St Petersburg"]
[Date "2006.10.24"]
[Round "2"]
[White "Deviatkin, Andrei"]
[Black "Shuraev, Andrei"]
[Result "1/2-1/2"]
[WhiteElo "2537"]
[BlackElo "2392"]
[PlyCount "67"]
[EventDate "2006.10.23"]
[EventType "swiss"]
[EventRounds "9"]
[EventCountry "RUS"]
[SourceTitle "EXT 2007"]
[Source "ChessBase"]
[SourceDate "2006.11.23"]
[SourceVersion "1"]
[SourceVersionDate "2006.11.23"]
[SourceQuality "1"]

1. e4 c5 2. c3 Nf6 3. e5 Nd5 4. d4 cxd4 5. Qxd4 e6 6. Nf3 Nc6 7. Qe4 f5 8. Qe2 Qc7 9. g3 d6 10. exd6 Bxd6 11. Bg2 0-0 12. 0-0 Nf6 13. Nd4 Nxd4 14. cxd4 Bd7 15. Nc3 a6 16. Bd2 Rae8 17. Rfc1 Qb8 18. Qd3 e5 19. dxe5 Bxe5 20. Nd5 Nxd5 21. Bxd5+ Kh8 22. Bc3 Bb5 23. Qc2 f4 24. Re1 fxg3 25. hxg3 Bxc3 26. bxc3 Qc7 27. c4 Bc6 28. Qd2 Qd6 29. Rad1 Qf6 30. Rxe8 Rxe8 31. Bxc6 Qxc6 32. Qd5 Qxd5 33. Rxd5 Kg8 34. Rd7 1/2-1/2

[Event "RUS-chT2 13th"]
[Site "Sochi"]
[Date "2006.04.26"]
[Round "7"]
[White "Babiy, Anatoly"]
[Black "Shuraev, Andrei"]
[Result "1/2-1/2"]
[WhiteElo "2474"]
[BlackElo "2390"]
[PlyCount "58"]
[EventDate "2006.04.20"]
[EventType "team"]
[EventRounds "11"]
[EventCountry "RUS"]
[SourceTitle "EXT 2007"]
[Source "ChessBase"]
[SourceDate "2006.11.23"]
[SourceVersion "1"]
[SourceVersionDate "2006.11.23"]
[SourceQuality "1"]

1. d4 d5 2. Nf3 e6 3. c4 c6 4. Qc2 Nd7 5. Nbd2 Ngf6 6. g3 Bd6 7. Bg2 0-0 8. 0-0 Re8 9. e4 dxe4 10. Nxe4 Nxe4 11. Qxe4 e5 12. dxe5 Nxe5 13. Ng5 Ng6 14. Qf3 Qc7 15. Bd2 h6 16. Ne4 Be5 17. Qb3 Bf5 18. Rfe1 Rad8 19. Bc3 Bxc3 20. Qxc3 c5 21. Qf3 Qe5 22. Re2 Bxe4 23. Qxe4 Qxe4 24. Bxe4 b6 25. Rae1 Kf8 26. f4 Ne7 27. a3 Ng8 28. b4 Nf6 29. bxc5 Nxe4 1/2-1/2

[Event "Moscow Aeroflot op-C"]
[Site "Moscow"]
[Date "2006.02.14"]
[Round "8"]
[White "Petrosian, Davit Gevorgi"]
[Black "Shuraev, Andrei"]
[Result "1/2-1/2"]
[WhiteElo "2427"]
[BlackElo "2390"]
[PlyCount "47"]
[EventDate "2006.02.07"]
[EventType "swiss"]
[EventRounds "9"]
[EventCountry "RUS"]
[SourceTitle "EXT 2007"]
[Source "ChessBase"]
[SourceDate "2006.11.23"]
[SourceVersion "1"]
[SourceVersionDate "2006.11.23"]
[SourceQuality "1"]

1. e4 c5 2. Nf3 Nc6 3. d4 cxd4 4. Nxd4 Nf6 5. Nc3 e5 6. Ndb5 d6 7. Bg5 a6 8. Na3 b5 9. Nd5 Be7 10. Bxf6 Bxf6 11. c3 0-0 12. Nc2 Bg5 13. a4 bxa4 14. Rxa4 a5 15. Bb5 Bb7 16. 0-0 Ne7 17. Nce3 Bxe3 18. Nxe3 Qb6 19. Qd3 Rfd8 20. Bc4 Bc6 21. Ra2 a4 22. Rfa1 g6 23. h4 Qb7 24. Nd5 1/2-1/2

[Event "Kemerovo2"]
[Site "Kemerovo"]
[Date "1995.??.??"]
[Round "12"]
[White "Permiakov, Vladimir"]
[Black "Shuraev, Andrei"]
[Result "1-0"]
[WhiteElo "2330"]
[BlackElo "2395"]
[PlyCount "73"]
[EventDate "1995.08.??"]
[EventType "tourn"]
[EventRounds "13"]
[EventCountry "RUS"]
[EventCategory "6"]
[SourceTitle "CBM 049 Extra"]
[Source "ChessBase"]
[SourceDate "1996.01.01"]
[SourceVersion "1"]
[SourceVersionDate "1996.01.01"]
[SourceQuality "1"]

1. c4 e6 2. Nf3 d5 3. g3 Nf6 4. Bg2 c5 5. 0-0 Nc6 6. cxd5 Nxd5 7. d4 Be7 8. dxc5 Bxc5 9. Qc2 Bb6 10. a3 0-0 11. Rd1 Qc7 12. e4 Nde7 13. Nc3 a6 14. Na4 Ba7 15. Bf4 Qa5 16. Bd6 Re8 17. e5 h6 18. b4 Qd8 19. Bc5 Nd5 20. Bxa7 Nxa7 21. Nc5 b6 22. Ne4 Re7 23. Rac1 Bb7 24. Nd6 Nb5 25. Nxb5 axb5 26. Qb2 Rc8 27. Nd4 Rec7 28. Nxb5 Rxc1 29. Rxc1 Rxc1+ 30. Qxc1 Ba6 31. Nd6 Qc7 32. Qxc7 Nxc7 33. f4 Bd3 34. Kf2 Kf8 35. Ke3 Bc2 36. Bc6 Bb3 37. Kd4 1-0

[Event "Vladivostok op2"]
[Site "Vladivostok"]
[Date "1995.??.??"]
[Round "3"]
[White "Shuraev, Andrei"]
[Black "Cherniaev, Alexander"]
[Result "0-1"]
[WhiteElo "2395"]
[BlackElo "2450"]
[PlyCount "66"]
[EventDate "1995.??.??"]
[EventType "swiss"]
[EventRounds "9"]
[EventCountry "RUS"]
[SourceTitle "CBM 049 Extra"]
[Source "ChessBase"]
[SourceDate "1996.01.01"]
[SourceVersion "1"]
[SourceVersionDate "1996.01.01"]
[SourceQuality "1"]

1. Nf3 g6 2. c4 Bg7 3. Nc3 e5 4. g3 Nc6 5. Bg2 d6 6. 0-0 Nge7 7. Rb1 Be6 8. d3 h6 9. b4 Qd7 10. b5 Nd8 11. Ba3 0-0 12. c5 d5 13. d4 exd4 14. Nxd4 c6 15. bxc6 bxc6 16. Nxe6 Nxe6 17. Qd2 f5 18. e4 Bxc3 19. Qxc3 fxe4 20. Bb2 Kh7 21. Rbd1 Qc7 22. f3 exf3 23. Bxf3 Nf5 24. Rde1 Ng5 25. Bg2 Rae8 26. Rxe8 Rxe8 27. Qf6 Ng7 28. Rb1 Re7 29. Bc3 Ne4 30. Bxe4 dxe4 31. Rd1 Rf7 32. Qd4 Qe7 33. Re1 Qe6 0-1

[Event "Kemerovo2"]
[Site "Kemerovo"]
[Date "1995.??.??"]
[Round "5"]
[White "Shuraev, Andrei"]
[Black "Kupreichik, Viktor D"]
[Result "1/2-1/2"]
[WhiteElo "2395"]
[BlackElo "2525"]
[PlyCount "71"]
[EventDate "1995.08.??"]
[EventType "tourn"]
[EventRounds "13"]
[EventCountry "RUS"]
[EventCategory "6"]
[SourceTitle "CBM 049 Extra"]
[Source "ChessBase"]
[SourceDate "1996.01.01"]
[SourceVersion "1"]
[SourceVersionDate "1996.01.01"]
[SourceQuality "1"]

1. Nf3 Nf6 2. g3 d5 3. Bg2 c5 4. 0-0 Nc6 5. d4 cxd4 6. Nxd4 Bd7 7. c4 e5 8. Nxc6 Bxc6 9. cxd5 Bxd5 10. Bg5 Bxg2 11. Kxg2 Qxd1 12. Rxd1 Ne4 13. Be3 Rc8 14. Nd2 Nxd2 15. Rxd2 b6 16. Rad1 Be7 17. Rd7 Rd8 18. Rxd8+ Bxd8 19. Rd5 Bc7 20. Bd2 Ke7 21. Bb4+ Ke6 22. e4 h5 23. h3 Rc8 24. Kf1 Bb8 25. Bc3 f5 26. f3 Bd6 27. Ke2 g6 28. Rd1 fxe4 29. fxe4 b5 30. Rc1 Rc4 31. Kd3 Bb4 32. Rc2 Be7 33. b3 Rc6 34. Bd2 Rd6+ 35. Ke2 g5 36. Be3 1/2-1/2

[Event "Vladivostok"]
[Site "Vladivostok"]
[Date "1994.??.??"]
[Round "2"]
[White "Balashov, Yuri S"]
[Black "Shuraev, Andrei"]
[Result "1-0"]
[WhiteElo "2505"]
[BlackElo "2410"]
[PlyCount "71"]
[EventDate "1994.??.??"]
[EventType "swiss"]
[EventRounds "9"]
[EventCountry "RUS"]
[SourceTitle "CBM 043 Extra"]
[Source "ChessBase"]
[SourceDate "1995.01.01"]
[SourceVersion "1"]
[SourceVersionDate "1995.01.01"]
[SourceQuality "1"]

1. e4 c5 2. Nc3 e6 3. Nf3 Nc6 4. Be2 Nf6 5. 0-0 d5 6. exd5 Nxd5 7. d4 Nxc3 8. bxc3 Be7 9. Bd3 0-0 10. Be4 Bd7 11. Qe2 h6 12. Bf4 Re8 13. Rab1 Qc8 14. Rfd1 b6 15. Bd3 cxd4 16. Ba6 Qd8 17. Bb7 Rb8 18. Bxc6 Bxc6 19. Bxb8 Qxb8 20. Ne5 Bd5 21. cxd4 Bxa2 22. Rb2 Bd5 23. c4 Bb7 24. Qh5 f6 25. Qf7+ Kh7 26. Qg6+ Kg8 27. Ng4 Kf8 28. Re2 Qc8 29. Re3 Bd6 30. Nxf6 gxf6 31. Qxf6+ Kg8 32. Rdd3 Qc7 33. Rg3+ Bxg3 34. Rxg3+ Qxg3 35. hxg3 a5 36. d5 1-0

[Event "RUS-chT 02nd"]
[Site "Kolontaevo"]
[Date "1994.??.??"]
[Round "4"]
[White "Nikuljshin, Konstantin"]
[Black "Shuraev, Andrei"]
[Result "1/2-1/2"]
[WhiteElo "2385"]
[BlackElo "2410"]
[PlyCount "108"]
[EventDate "1994.??.??"]
[EventType "team-tourn"]
[EventRounds "9"]
[EventCountry "RUS"]
[SourceTitle "EXT 2020"]
[Source "ChessBase"]
[SourceDate "2019.10.17"]
[SourceVersion "1"]
[SourceVersionDate "2019.10.17"]
[SourceQuality "1"]
[WhiteTeam "Voronezh OShK"]
[BlackTeam "Kemerovo Politekhnik"]
[WhiteTeamCountry "RUS"]
[BlackTeamCountry "RUS"]

1. d4 Nf6 2. c4 e6 3. Nf3 d5 4. Nc3 Be7 5. Bg5 h6 6. Bh4 0-0 7. e3 b6 8. Be2 Bb7 9. Bxf6 Bxf6 10. cxd5 exd5 11. b4 c6 12. 0-0 Nd7 13. Qb3 a5 14. bxa5 Rxa5 15. a4 Qe7 16. Rab1 Ra7 17. Rfe1 Rfa8 18. Bd3 c5 19. Bb5 c4 20. Qc2 Nf8 21. Rbd1 Ne6 22. e4 dxe4 23. Nxe4 Bd5 24. Ne5 Bxe5 25. dxe5 Bxe4 26. Rxe4 Nc5 27. Re3 Nxa4 28. e6 fxe6 29. Rxe6 Qxe6 30. Bxc4 Qxc4 31. Qxc4+ Kh8 32. Qb4 Nc5 33. Qxb6 Ra1 34. Rf1 Ne4 35. f3 Nf6 36. g3 Rxf1+ 37. Kxf1 Rf8 38. Kg2 Nh7 39. h4 Rf6 40. Qc5 Nf8 41. g4 Ng6 42. Kg3 Nxh4 43. Qc8+ Kh7 44. Kxh4 Rxf3 45. Qc2+ Kh8 46. Kh5 Rf6 47. Qe4 Kg8 48. Qd4 Kh7 49. Qd8 Rf3 50. g5 hxg5 51. Qe8 Rf6 52. Kxg5 Rh6 53. Kf5 Rf6+ 54. Ke5 Rh6 1/2-1/2

[Event "Novi Sad"]
[Site "Novi Sad"]
[Date "1992.??.??"]
[Round "1"]
[White "Nevostrujev, Vladimir"]
[Black "Shuraev, Andrei"]
[Result "1/2-1/2"]
[WhiteElo "2385"]
[BlackElo "2370"]
[PlyCount "25"]
[EventDate "1992.01.??"]
[EventType "tourn"]
[EventRounds "11"]
[EventCountry "YUG"]
[EventCategory "8"]
[SourceTitle "CBM 029 Extra"]
[Source "ChessBase"]
[SourceDate "1992.09.01"]
[SourceVersion "1"]
[SourceVersionDate "1992.09.01"]
[SourceQuality "1"]

1. Nf3 Nf6 2. g3 g6 3. Bg2 Bg7 4. c4 c5 5. Nc3 Nc6 6. 0-0 0-0 7. d4 cxd4 8. Nxd4 Nxd4 9. Qxd4 d6 10. b3 d5 11. cxd5 Nxd5 12. Qxd5 Bxc3 13. Bh6 1/2-1/2

[Event "Novi Sad"]
[Site "Novi Sad"]
[Date "1992.??.??"]
[Round "4"]
[White "Shuraev, Andrei"]
[Black "Kirov, Nino"]
[Result "0-1"]
[WhiteElo "2370"]
[BlackElo "2470"]
[PlyCount "40"]
[EventDate "1992.01.??"]
[EventType "tourn"]
[EventRounds "11"]
[EventCountry "YUG"]
[EventCategory "8"]
[SourceTitle "CBM 029 Extra"]
[Source "ChessBase"]
[SourceDate "1992.09.01"]
[SourceVersion "1"]
[SourceVersionDate "1992.09.01"]
[SourceQuality "1"]

1. Nf3 c5 2. c4 g6 3. g3 Bg7 4. Bg2 Nc6 5. 0-0 Nf6 6. d4 cxd4 7. Nxd4 0-0 8. Nc3 Ng4 9. e3 d6 10. Nxc6 bxc6 11. Bxc6 Rb8 12. Bg2 Ne5 13. Qa4 Qd7 14. Qxd7 Bxd7 15. Nb5 Nxc4 16. Nxa7 Rb6 17. Rd1 Ba4 18. b3 Bxa1 19. bxa4 Bf6 20. Bf1 Rb4 0-1